Представление документа в формате MARC21

Поле Инд. ПП Название Значение
Тип записи a
Библиографический уровень m
001 Контрольный номер RU/IS/BASE/349356992
005 Дата корректировки 20240415113522.4
020 c Цена, тираж б. ц.
040 b Код языка каталог. rus
e Правила каталог. PSBO
041 0_ a Код языка текста rus
080 a Индекс УДК 004.9
084 a Индекс другой классификации/Индекс ББК 32.973
090 c Каталожный индекс 681.3
x Авторский знак С79
097 b Оператор 02
100 1_ a Автор Степанчук Н. В.
245 10 a Заглавие Алгоритмы и программные средства определения амплитудно-фазовых параметров вибрационных сигналов
b Продолж. заглавия дисс. на соиск. степени магистра техн. наук : 1-40 80 05
c Ответственность науч. рук. П. Ю. Бранцевич
h Физич. носитель только электронный вариант
260 a Место издания Минск
b Издательство БГУИР
c Дата издания 2010
510 0_ a Примечание о ссылках Диссертации и авторефераты диссертаций
653 0_ a Ключевые слова программные средства; вибрационные сигналы
901 t Тип документа d